[Event "EYCC 2024 - G14"]
[Site "?"]
[Date "2024.08.25"]
[Round "4.1"]
[White "Sida, Flavia-Maria"]
[Black "Valente, Sofia"]
[Result "1-0"]
[BlackElo "1888"]
[WhiteElo "1746"]
[LiveChessVersion "1.4.8"]

1. e4 {[%clk 1:30:57]} c5 {[%clk 1:30:56]} 2. Nf3 {[%clk 1:31:21]} Nc6
{[%clk 1:31:10]} 3. d4 {[%clk 1:31:45]} cxd4 {[%clk 1:31:37]} 4. Nxd4
{[%clk 1:32:10]} g6 {[%clk 1:32:02]} 5. c4 {[%clk 1:32:34]} Bg7 {[%clk 1:32:28]}
6. Be3 {[%clk 1:32:58]} d6 {[%clk 1:32:44]} 7. Nc3 {[%clk 1:33:18]} Nf6
{[%clk 1:33:10]} 8. Be2 {[%clk 1:33:39]} O-O {[%clk 1:33:25]} 9. h3
{[%clk 1:33:59]} Bd7 {[%clk 1:31:54]} 10. O-O {[%clk 1:34:20]} Nxd4
{[%clk 1:28:21]} 11. Bxd4 {[%clk 1:34:42]} a5 {[%clk 1:27:29]} 12. b3
{[%clk 1:34:42]} Bc6 {[%clk 1:25:35]} 13. Qc2 {[%clk 1:35:03]} Nd7
{[%clk 1:25:23]} 14. Bxg7 {[%clk 1:35:25]} Kxg7 {[%clk 1:25:48]} 15. Rad1
{[%clk 1:34:58]} Qb6 {[%clk 1:23:49]} 16. Rfe1 {[%clk 1:32:16]} Nc5
{[%clk 1:22:02]} 17. Nd5 {[%clk 1:29:58]} Bxd5 {[%clk 1:19:52]} 18. exd5
{[%clk 1:23:47]} Kg8 {[%clk 1:19:07]} 19. Bf1 {[%clk 1:23:13]} Rfe8
{[%clk 1:19:01]} 20. Rb1 {[%clk 1:19:41]} Qb4 {[%clk 1:16:51]} 21. Qb2
{[%clk 1:14:04]} a4 {[%clk 1:13:03]} 22. a3 {[%clk 0:53:00]} Qb6 {[%clk 1:11:12]}
23. b4 {[%clk 0:53:08]} Nd7 {[%clk 1:10:21]} 24. Re4 {[%clk 0:45:18]} Nf6
{[%clk 1:06:03]} 25. Re3 {[%clk 0:45:06]} Qc7 {[%clk 1:05:16]} 26. Rbe1
{[%clk 0:44:56]} Qd7 {[%clk 1:02:37]} 27. Qd4 {[%clk 0:36:15]} Rac8
{[%clk 0:58:11]} 28. Kh2 {[%clk 0:30:19]} Rc7 {[%clk 0:56:10]} 29. g4
{[%clk 0:22:34]} h6 {[%clk 0:53:13]} 30. f4 {[%clk 0:19:18]} g5 {[%clk 0:51:42]}
31. Rf3 {[%clk 0:15:51]} Nxg4+ {[%clk 0:47:55]} 32. hxg4 {[%clk 0:10:46]} Qxg4
{[%clk 0:48:16]} 33. Qf2 {[%clk 0:07:31]} f5 {[%clk 0:46:22]} 34. Bd3
{[%clk 0:06:22]} e5 {[%clk 0:41:27]} 35. dxe6 {[%clk 0:05:46]} Rg7
{[%clk 0:41:10]} 36. Rg1 {[%clk 0:05:10]} Qh5+ {[%clk 0:40:59]} 37. Rh3
{[%clk 0:05:36]} Qg6 {[%clk 0:40:50]} 38. fxg5 {[%clk 0:06:01]} hxg5
{[%clk 0:40:17]} 39. Bxf5 {[%clk 0:05:32]} Rf8 {[%clk 0:38:59]} 40. Bxg6
{[%clk 0:03:59]} Rxf2+ {[%clk 0:39:20]} 41. Kg3 {[%clk 0:04:27]} Re2
{[%clk 0:38:43]} 42. Bf7+ {[%clk 0:04:51]} Kf8 {[%clk 0:39:09]} 43. Rh8+
{[%clk 0:05:00]} Ke7 {[%clk 0:39:32]} 44. Rf1 {[%clk 0:04:41]} Re3+
{[%clk 0:39:40]} 45. Kg2 {[%clk 0:04:59]} Re2+ {[%clk 0:39:40]} 46. Kg1
{[%clk 0:05:16]} d5 {[%clk 0:39:54]} 47. c5 {[%clk 0:05:34]} 1-0

[Event "EYCC 2024 - G14"]
[Site "?"]
[Date "2024.08.25"]
[Round "4.2"]
[White "Viti, Greta"]
[Black "Ashotia, Barbare"]
[Result "1/2-1/2"]
[BlackElo "1724"]
[WhiteElo "1874"]
[LiveChessVersion "1.4.8"]

1. e4 {[%clk 1:30:58]} c5 {[%clk 1:30:30]} 2. Nf3 {[%clk 1:31:24]} e6
{[%clk 1:30:54]} 3. d4 {[%clk 1:31:49]} cxd4 {[%clk 1:31:18]} 4. Nxd4
{[%clk 1:32:15]} Nf6 {[%clk 1:31:20]} 5. Nc3 {[%clk 1:32:40]} Nc6
{[%clk 1:31:14]} 6. Be2 {[%clk 1:33:05]} Bb4 {[%clk 1:30:11]} 7. O-O
{[%clk 1:33:29]} Bxc3 {[%clk 1:29:11]} 8. bxc3 {[%clk 1:33:53]} Nxe4
{[%clk 1:27:22]} 9. Qd3 {[%clk 1:34:14]} d5 {[%clk 1:26:33]} 10. Ba3
{[%clk 1:34:25]} Qa5 {[%clk 1:26:21]} 11. Nb5 {[%clk 1:34:30]} a6
{[%clk 1:26:03]} 12. Nd6+ {[%clk 1:34:54]} Nxd6 {[%clk 1:26:29]} 13. Bxd6
{[%clk 1:35:17]} Qd8 {[%clk 1:25:47]} 14. Qg3 {[%clk 1:35:36]} Qf6
{[%clk 1:24:08]} 15. f4 {[%clk 1:26:46]} h5 {[%clk 0:54:05]} 16. h4
{[%clk 1:08:21]} Ne7 {[%clk 0:47:10]} 17. Bxe7 {[%clk 1:07:35]} Kxe7
{[%clk 0:47:34]} 18. c4 {[%clk 1:03:00]} Kf8 {[%clk 0:43:22]} 19. Rad1
{[%clk 1:00:38]} g6 {[%clk 0:36:43]} 20. cxd5 {[%clk 0:55:38]} exd5
{[%clk 0:36:10]} 21. Rxd5 {[%clk 0:53:43]} Bf5 {[%clk 0:32:36]} 22. Bd3
{[%clk 0:44:22]} Bxd3 {[%clk 0:22:57]} 23. Rxd3 {[%clk 0:44:10]} Qf5
{[%clk 0:17:20]} 24. Qf3 {[%clk 0:40:24]} Qc5+ {[%clk 0:15:04]} 25. Rf2
{[%clk 0:36:37]} Re8 {[%clk 0:13:22]} 26. Kh2 {[%clk 0:36:36]} Qe7
{[%clk 0:12:04]} 27. Qg3 {[%clk 0:36:27]} Rg8 {[%clk 0:10:23]} 28. Rfd2
{[%clk 0:32:57]} Qf6 {[%clk 0:07:26]} 29. Rd6 {[%clk 0:30:42]} Re6
{[%clk 0:07:15]} 30. R6d5 {[%clk 0:27:55]} Re4 {[%clk 0:06:42]} 31. Rf2
{[%clk 0:23:32]} Rd4 {[%clk 0:06:06]} 32. Rxd4 {[%clk 0:19:55]} Qxd4
{[%clk 0:06:34]} 33. Rf3 {[%clk 0:19:38]} Qd6 {[%clk 0:04:48]} 34. Rd3
{[%clk 0:17:27]} Qc7 {[%clk 0:04:58]} 35. Rc3 {[%clk 0:15:01]} Qd6
{[%clk 0:05:14]} 36. Qf3 {[%clk 0:13:41]} b5 {[%clk 0:04:37]} 37. Rc6
{[%clk 0:13:07]} Qe7 {[%clk 0:03:51]} 38. Qf2 {[%clk 0:13:13]} Qb7
{[%clk 0:03:25]} 39. Qc5+ {[%clk 0:12:10]} Kg7 {[%clk 0:03:49]} 40. Qe5+
{[%clk 0:12:00]} Kh6 {[%clk 0:02:14]} 41. Rc7 {[%clk 0:11:25]} Qb8
{[%clk 0:02:16]} 42. Qg5+ {[%clk 0:05:27]} Kg7 {[%clk 0:02:37]} 43. Qe7
{[%clk 0:04:59]} Qe8 {[%clk 0:02:36]} 44. Qg5 {[%clk 0:03:26]} Qe6
{[%clk 0:02:31]} 45. a3 {[%clk 0:02:34]} Rc8 {[%clk 0:02:10]} 46. Re7
{[%clk 0:01:54]} Qf5 {[%clk 0:02:27]} 47. Qxf5 {[%clk 0:01:31]} gxf5
{[%clk 0:02:55]} 48. Ra7 {[%clk 0:01:51]} Rc6 {[%clk 0:01:20]} 49. Kg3
{[%clk 0:01:21]} Rc3+ {[%clk 0:01:43]} 50. Kf2 {[%clk 0:01:16]} Rxa3
{[%clk 0:01:35]} 51. Ke2 {[%clk 0:01:25]} a5 {[%clk 0:01:48]} 52. Kd2
{[%clk 0:01:34]} b4 {[%clk 0:01:49]} 53. Kc1 {[%clk 0:01:39]} Kg6
{[%clk 0:01:19]} 54. Kb2 {[%clk 0:01:40]} Kf6 {[%clk 0:00:48]} 55. Ra6+
{[%clk 0:02:05]} Ke7 {[%clk 0:00:52]} 56. Rh6 {[%clk 0:01:25]} Rg3
{[%clk 0:00:52]} 57. Rxh5 {[%clk 0:01:27]} a4 {[%clk 0:00:43]} 58. Rxf5
{[%clk 0:01:26]} Rxg2 {[%clk 0:00:51]} 59. Kb1 {[%clk 0:00:44]} Rg4
{[%clk 0:01:00]} 60. h5 {[%clk 0:00:50]} Rg1+ {[%clk 0:00:54]} 61. Kb2
{[%clk 0:01:09]} a3+ {[%clk 0:01:10]} 62. Ka2 {[%clk 0:00:54]} Kd6 63. Rb5
{[%clk 0:00:41]} Rg2 {[%clk 0:00:41]} 64. Rxb4 {[%clk 0:00:56]} Rxc2+
{[%clk 0:01:07]} 65. Kxa3 {[%clk 0:01:21]} Rh2 {[%clk 0:01:29]} 66. Rb5
{[%clk 0:01:18]} Ke6 {[%clk 0:01:36]} 67. Kb3 {[%clk 0:00:51]} f5
{[%clk 0:01:51]} 68. h6 {[%clk 0:00:45]} Rh4 {[%clk 0:01:00]} 69. Rb6+
{[%clk 0:00:33]} Kd5 {[%clk 0:01:23]} 70. Rb5+ {[%clk 0:00:32]} Ke4
{[%clk 0:01:43]} 71. Rb4+ {[%clk 0:00:36]} Kf3 {[%clk 0:02:05]} 72. Rb6
{[%clk 0:00:33]} Rh3 {[%clk 0:02:25]} 73. Kc4 {[%clk 0:00:39]} Kxf4
{[%clk 0:02:50]} 74. Kd4 {[%clk 0:01:03]} Kg5 {[%clk 0:03:13]} 75. Ke5
{[%clk 0:01:15]} f4 {[%clk 0:02:49]} 76. Rb4 {[%clk 0:00:40]} Re3+
{[%clk 0:02:43]} 77. Re4 {[%clk 0:01:02]} Ra3 {[%clk 0:02:39]} 78. h7
{[%clk 0:01:07]} Rh3 {[%clk 0:03:00]} 79. Rxf4 {[%clk 0:01:16]} Rxh7
{[%clk 0:03:28]} 80. Rf5+ {[%clk 0:01:09]} 1/2-1/2

[Event "EYCC 2024 - G14"]
[Site "?"]
[Date "2024.08.25"]
[Round "4.3"]
[White "Khairova, Evelina"]
[Black "Kammova, Katerina"]
[Result "1-0"]
[BlackElo "1867"]
[WhiteElo "1717"]
[LiveChessVersion "1.4.8"]

1. Nf3 {[%clk 1:30:55]} Nf6 {[%clk 1:30:47]} 2. g3 {[%clk 1:31:21]} e6
{[%clk 1:30:49]} 3. Bg2 {[%clk 1:31:40]} h6 {[%clk 1:29:58]} 4. c4
{[%clk 1:23:28]} d5 {[%clk 1:26:48]} 5. O-O {[%clk 1:22:37]} c6 {[%clk 1:26:14]}
6. d3 {[%clk 1:22:09]} Bd6 {[%clk 1:19:13]} 7. Nc3 {[%clk 1:21:14]} d4
{[%clk 1:12:31]} 8. Nxd4 {[%clk 1:06:22]} Bxg3 {[%clk 1:11:39]} 9. fxg3
{[%clk 0:59:30]} Qxd4+ {[%clk 1:11:36]} 10. e3 {[%clk 0:59:31]} Qd8
{[%clk 1:10:47]} 11. d4 {[%clk 0:58:03]} O-O {[%clk 1:09:54]} 12. e4
{[%clk 0:52:20]} e5 {[%clk 1:08:24]} 13. d5 {[%clk 0:44:30]} Ng4 {[%clk 1:06:06]}
14. Qe2 {[%clk 0:41:00]} a5 {[%clk 0:56:34]} 15. h3 {[%clk 0:39:41]} Nf6
{[%clk 0:56:32]} 16. g4 {[%clk 0:36:19]} Nh7 {[%clk 0:54:26]} 17. Qf2
{[%clk 0:32:23]} Na6 {[%clk 0:53:17]} 18. a3 {[%clk 0:31:02]} b6 {[%clk 0:51:00]}
19. Be3 {[%clk 0:28:52]} Rb8 {[%clk 0:50:19]} 20. Rad1 {[%clk 0:22:54]} c5
{[%clk 0:50:05]} 21. Qg3 {[%clk 0:22:00]} Re8 {[%clk 0:49:00]} 22. Rf2
{[%clk 0:20:37]} Rb7 {[%clk 0:48:25]} 23. Rdf1 {[%clk 0:20:08]} Nb8
{[%clk 0:47:32]} 24. Nb5 {[%clk 0:19:01]} Na6 {[%clk 0:46:04]} 25. Bd2
{[%clk 0:17:21]} Rd7 {[%clk 0:44:41]} 26. h4 {[%clk 0:16:04]} Rb7
{[%clk 0:44:20]} 27. g5 {[%clk 0:15:30]} h5 {[%clk 0:43:54]} 28. g6
{[%clk 0:13:01]} Nf6 {[%clk 0:43:09]} 29. Bg5 {[%clk 0:12:52]} Bg4
{[%clk 0:42:17]} 30. Bxf6 {[%clk 0:12:46]} gxf6 {[%clk 0:42:33]} 31. Rxf6
{[%clk 0:12:17]} 1-0

[Event "EYCC 2024 - G14"]
[Site "?"]
[Date "2024.08.25"]
[Round "4.4"]
[White "Markina, Sofiia"]
[Black "Mitraka, Chrysa"]
[Result "1-0"]
[BlackElo "1724"]
[WhiteElo "1864"]
[LiveChessVersion "1.4.8"]

1. e4 {[%clk 1:30:58]} c6 {[%clk 1:30:51]} 2. d4 {[%clk 1:31:24]} d5
{[%clk 1:31:12]} 3. e5 {[%clk 1:31:33]} c5 {[%clk 1:28:13]} 4. dxc5
{[%clk 1:28:40]} e6 {[%clk 1:28:17]} 5. a3 {[%clk 1:29:01]} Bxc5 {[%clk 1:28:03]}
6. Qg4 {[%clk 1:29:23]} Ne7 {[%clk 1:25:07]} 7. Nf3 {[%clk 1:27:25]} Ng6
{[%clk 1:22:02]} 8. Bd3 {[%clk 1:26:25]} Nc6 {[%clk 1:15:00]} 9. O-O
{[%clk 1:26:16]} Qc7 {[%clk 1:06:49]} 10. Re1 {[%clk 1:25:21]} Qb6
{[%clk 1:02:04]} 11. Qg3 {[%clk 1:23:33]} Nd4 {[%clk 0:56:04]} 12. Nbd2
{[%clk 1:10:00]} Bd7 {[%clk 0:45:29]} 13. Nxd4 {[%clk 1:09:27]} Bxd4
{[%clk 0:43:28]} 14. c3 {[%clk 1:00:50]} Bc5 {[%clk 0:42:31]} 15. Nf3
{[%clk 0:59:42]} Bb5 {[%clk 0:36:53]} 16. Bc2 {[%clk 0:59:50]} Rc8
{[%clk 0:34:24]} 17. h4 {[%clk 0:57:28]} Bf8 {[%clk 0:22:31]} 18. h5
{[%clk 0:55:23]} Ne7 {[%clk 0:22:11]} 19. Be3 {[%clk 0:55:00]} Qc7
{[%clk 0:21:40]} 20. Nd4 {[%clk 0:55:03]} Ba6 {[%clk 0:20:07]} 21. a4
{[%clk 0:53:19]} Nc6 {[%clk 0:18:17]} 22. b4 {[%clk 0:52:29]} Nxd4
{[%clk 0:17:36]} 23. Bxd4 {[%clk 0:52:53]} Bc4 {[%clk 0:17:35]} 24. a5
{[%clk 0:50:31]} Bb5 {[%clk 0:14:15]} 25. Rec1 {[%clk 0:48:36]} Qc4
{[%clk 0:13:19]} 26. Bxa7 {[%clk 0:46:58]} Rc6 {[%clk 0:07:20]} 27. Ba4
{[%clk 0:44:06]} Bxa4 {[%clk 0:05:44]} 28. Rxa4 {[%clk 0:44:30]} h6
{[%clk 0:06:04]} 29. Raa1 {[%clk 0:43:51]} Qe2 {[%clk 0:04:45]} 30. Rcb1
{[%clk 0:42:16]} Qd2 {[%clk 0:02:57]} 31. Bd4 {[%clk 0:42:26]} Qg5
{[%clk 0:01:02]} 32. Qd3 {[%clk 0:42:18]} Be7 {[%clk 0:00:48]} 33. Qb5
{[%clk 0:42:25]} O-O {[%clk 0:00:39]} 34. Qxb7 {[%clk 0:42:40]} Rcc8
{[%clk 0:00:50]} 35. Be3 {[%clk 0:41:59]} Rb8 {[%clk 0:00:33]} 36. Qxb8
{[%clk 0:42:22]} Rxb8 {[%clk 0:00:49]} 37. Bxg5 {[%clk 0:42:48]} hxg5
{[%clk 0:01:05]} 38. a6 {[%clk 0:43:07]} Bd8 {[%clk 0:01:16]} 39. a7
{[%clk 0:43:23]} Ra8 {[%clk 0:01:39]} 40. Ra6 {[%clk 0:43:49]} Kf8
{[%clk 0:01:04]} 41. b5 {[%clk 0:44:13]} Ke7 {[%clk 0:01:15]} 42. b6
{[%clk 0:44:38]} Bxb6 {[%clk 0:00:33]} 43. Rbxb6 Kd7 {[%clk 0:00:48]} 44. Rb8
{[%clk 0:45:21]} Rxa7 {[%clk 0:00:52]} 45. Rxa7+ {[%clk 0:45:47]} Kc6
{[%clk 0:01:17]} 46. Rc8+ {[%clk 0:46:10]} Kb6 {[%clk 0:01:37]} 47. Ra1
{[%clk 0:46:36]} g4 {[%clk 0:01:29]} 48. Rb1+ {[%clk 0:47:02]} Ka7
{[%clk 0:01:46]} 49. Rcb8 {[%clk 0:47:26]} d4 {[%clk 0:02:02]} 50. R8b4
{[%clk 0:47:52]} dxc3 {[%clk 0:02:02]} 51. Ra4# {[%clk 0:48:18]} 1-0

[Event "EYCC 2024 - G14"]
[Site "?"]
[Date "2024.08.25"]
[Round "4.5"]
[White "Lajdamik, Kinga"]
[Black "Richter, Johanna"]
[Result "1/2-1/2"]
[BlackElo "1861"]
[WhiteElo "1697"]
[LiveChessVersion "1.4.8"]

1. e4 {[%clk 1:30:58]} c5 {[%clk 1:30:54]} 2. Nf3 {[%clk 1:31:22]} d6
{[%clk 1:31:20]} 3. Bb5+ {[%clk 1:31:45]} Bd7 {[%clk 1:31:46]} 4. a4
{[%clk 1:32:07]} Nf6 {[%clk 1:32:05]} 5. Nc3 {[%clk 1:32:16]} Nc6
{[%clk 1:32:23]} 6. O-O {[%clk 1:32:30]} e6 {[%clk 1:32:33]} 7. Re1
{[%clk 1:32:31]} Be7 {[%clk 1:32:12]} 8. e5 {[%clk 1:28:26]} Nxe5
{[%clk 1:21:48]} 9. Nxe5 {[%clk 1:28:44]} dxe5 {[%clk 1:22:14]} 10. Rxe5
{[%clk 1:28:47]} O-O {[%clk 1:20:52]} 11. d3 {[%clk 1:26:58]} a6 {[%clk 1:17:15]}
12. Bxd7 {[%clk 1:27:07]} Qxd7 {[%clk 1:17:23]} 13. a5 {[%clk 1:26:47]} Qc7
{[%clk 1:15:59]} 14. Re1 {[%clk 1:24:15]} Rad8 {[%clk 1:13:49]} 15. Qf3
{[%clk 1:23:00]} Rd7 {[%clk 1:09:36]} 16. Be3 {[%clk 1:10:29]} Nd5
{[%clk 1:04:04]} 17. Ne4 {[%clk 1:09:37]} Nxe3 {[%clk 1:00:31]} 18. fxe3
{[%clk 1:09:40]} c4 {[%clk 0:53:53]} 19. d4 {[%clk 1:08:15]} Rd5 {[%clk 0:47:01]}
20. Qg3 {[%clk 0:57:26]} Qxg3 {[%clk 0:44:48]} 21. hxg3 {[%clk 0:57:33]} Rb5
{[%clk 0:40:33]} 22. Ra4 {[%clk 0:51:59]} Rc8 {[%clk 0:39:17]} 23. Rb1
{[%clk 0:51:42]} Rc6 {[%clk 0:31:37]} 24. c3 {[%clk 0:50:57]} Bd8
{[%clk 0:28:33]} 25. Nd2 {[%clk 0:23:01]} Bxa5 {[%clk 0:23:34]} 26. g4
{[%clk 0:21:14]} f6 {[%clk 0:17:43]} 27. Kf2 {[%clk 0:18:58]} Bc7
{[%clk 0:12:34]} 28. Rxc4 {[%clk 0:18:58]} Rxc4 {[%clk 0:11:26]} 29. Nxc4
{[%clk 0:19:27]} Rg5 {[%clk 0:10:11]} 30. Kf3 {[%clk 0:19:48]} Kf7
{[%clk 0:10:03]} 31. Nd2 {[%clk 0:18:42]} h5 {[%clk 0:09:11]} 32. gxh5
{[%clk 0:19:07]} Rxh5 {[%clk 0:09:39]} 33. Ne4 {[%clk 0:18:58]} b6
{[%clk 0:09:20]} 34. b4 {[%clk 0:18:02]} Ke7 {[%clk 0:08:42]} 35. c4
{[%clk 0:17:43]} Kd7 {[%clk 0:07:12]} 36. c5 {[%clk 0:17:38]} Kc6
{[%clk 0:07:10]} 37. cxb6 Kxb6 {[%clk 0:04:18]} 38. Nc5 {[%clk 0:17:01]} e5
{[%clk 0:04:18]} 39. d5 {[%clk 0:16:36]} Rh4 {[%clk 0:01:39]} 40. Ne6
{[%clk 0:11:13]} Bd6 {[%clk 0:02:00]} 41. e4 {[%clk 0:09:35]} Kb5
{[%clk 0:01:32]} 42. Nxg7 {[%clk 0:08:31]} Rh8 {[%clk 0:00:47]} 43. Nf5
{[%clk 0:08:45]} Bxb4 {[%clk 0:01:15]} 44. Ne7 {[%clk 0:07:39]} a5
{[%clk 0:00:43]} 45. Nc6 {[%clk 0:07:58]} Rh7 {[%clk 0:00:54]} 46. Kg4
{[%clk 0:07:58]} Rg7+ {[%clk 0:00:52]} 47. Kf5 {[%clk 0:08:23]} Rxg2
{[%clk 0:00:46]} 48. Kxf6 {[%clk 0:08:49]} Kc5 {[%clk 0:00:37]} 49. Kxe5
{[%clk 0:09:08]} Bc3+ {[%clk 0:01:02]} 50. Kf5 {[%clk 0:08:14]} a4
{[%clk 0:01:17]} 51. Rc1 {[%clk 0:07:51]} Rg3 {[%clk 0:01:37]} 52. Kf4
{[%clk 0:05:32]} Rh3 {[%clk 0:02:03]} 53. Kg4 {[%clk 0:05:32]} Re3
{[%clk 0:02:00]} 54. Kf4 {[%clk 0:05:39]} Rh3 {[%clk 0:02:17]} 55. Kg4
{[%clk 0:02:55]} 1/2-1/2

[Event "EYCC 2024 - G14"]
[Site "?"]
[Date "2024.08.25"]
[Round "4.6"]
[White "Kravchenko, Anastasiia"]
[Black "Nenova, Andzhelika"]
[Result "1/2-1/2"]
[BlackElo "1969"]
[WhiteElo "1690"]
[LiveChessVersion "1.4.8"]

1. e4 {[%clk 1:30:57]} c5 {[%clk 1:30:56]} 2. Nf3 {[%clk 1:31:20]} Nc6
{[%clk 1:31:22]} 3. d4 {[%clk 1:31:42]} cxd4 {[%clk 1:31:49]} 4. Nxd4
{[%clk 1:32:06]} Nf6 {[%clk 1:32:16]} 5. Nc3 {[%clk 1:32:23]} e5 {[%clk 1:32:42]}
6. Ndb5 {[%clk 1:32:42]} d6 {[%clk 1:33:09]} 7. Bg5 {[%clk 1:32:59]} a6
{[%clk 1:33:36]} 8. Na3 {[%clk 1:33:19]} b5 {[%clk 1:34:03]} 9. Nd5
{[%clk 1:33:34]} Be7 {[%clk 1:34:27]} 10. Bxf6 {[%clk 1:33:51]} Bxf6
{[%clk 1:34:53]} 11. c3 {[%clk 1:33:43]} Rb8 {[%clk 1:35:17]} 12. Nc2
{[%clk 1:33:46]} Bg5 {[%clk 1:35:42]} 13. a4 {[%clk 1:30:02]} bxa4
{[%clk 1:36:05]} 14. Rxa4 {[%clk 1:30:21]} Rxb2 {[%clk 1:34:39]} 15. Bxa6
{[%clk 1:29:14]} Bd7 {[%clk 1:29:52]} 16. O-O {[%clk 1:20:04]} O-O
{[%clk 1:23:38]} 17. Ra3 {[%clk 1:16:22]} f5 {[%clk 1:16:33]} 18. Bc4
{[%clk 1:08:34]} Kh8 {[%clk 1:15:59]} 19. exf5 {[%clk 1:06:49]} Bxf5
{[%clk 1:14:27]} 20. Nce3 {[%clk 1:06:48]} Bg6 {[%clk 1:02:32]} 21. Ra6
{[%clk 0:48:41]} Nb8 {[%clk 0:43:29]} 22. Ra7 {[%clk 0:46:33]} Nd7
{[%clk 0:40:55]} 23. Qa1 {[%clk 0:38:08]} Rb8 {[%clk 0:34:33]} 24. Nc7
{[%clk 0:36:47]} Nc5 {[%clk 0:30:00]} 25. Ned5 {[%clk 0:32:57]} Qc8
{[%clk 0:28:59]} 26. Nb5 {[%clk 0:27:50]} Qg4 {[%clk 0:23:21]} 27. Nxd6
{[%clk 0:24:27]} Rbd8 {[%clk 0:21:44]} 28. Qa3 {[%clk 0:21:26]} Nd3
{[%clk 0:05:25]} 29. Bxd3 {[%clk 0:12:47]} Bxd3 {[%clk 0:03:57]} 30. Nf7+
{[%clk 0:12:38]} Kg8 {[%clk 0:02:39]} 31. Nxe5 {[%clk 0:02:41]} Qf5
{[%clk 0:00:55]} 32. Ne7+ {[%clk 0:01:42]} Bxe7 {[%clk 0:00:34]} 33. Qxe7
{[%clk 0:02:00]} Qf6 {[%clk 0:00:33]} 34. Qxf6 {[%clk 0:00:38]} gxf6
{[%clk 0:00:36]} 35. Nxd3 {[%clk 0:00:57]} Rxd3 {[%clk 0:01:02]} 36. Rc1
{[%clk 0:01:11]} Rc8 {[%clk 0:01:09]} 37. Ra3 {[%clk 0:00:54]} Kf7
{[%clk 0:01:13]} 38. Kf1 {[%clk 0:01:14]} Re8 {[%clk 0:01:28]} 39. Ra7+
{[%clk 0:01:25]} Kg6 {[%clk 0:01:51]} 40. c4 {[%clk 0:01:42]} Rd2
{[%clk 0:02:04]} 41. Re1 {[%clk 0:01:07]} Rc8 {[%clk 0:02:24]} 42. Re4
{[%clk 0:00:51]} Rc2 {[%clk 0:01:39]} 43. Rg4+ {[%clk 0:00:48]} Kf5
{[%clk 0:01:22]} 44. f3 {[%clk 0:01:10]} Rb8 {[%clk 0:01:27]} 45. Ra1
{[%clk 0:00:51]} Rbb2 {[%clk 0:01:14]} 46. Kg1 {[%clk 0:00:40]} h5
{[%clk 0:01:07]} 47. Ra5+ {[%clk 0:00:38]} Ke6 {[%clk 0:01:32]} 48. Re4+
{[%clk 0:01:02]} Kf7 {[%clk 0:01:52]} 49. Kf1 Rf2+ {[%clk 0:01:34]} 50. Ke1
{[%clk 0:00:59]} Rxg2 {[%clk 0:01:56]} 51. Kf1 {[%clk 0:01:03]} Rbf2+
{[%clk 0:01:32]} 52. Ke1 {[%clk 0:01:23]} Rc2 {[%clk 0:01:14]} 53. Kd1
{[%clk 0:01:29]} Rgd2+ {[%clk 0:01:34]} 54. Ke1 {[%clk 0:01:52]} Rxh2
{[%clk 0:02:02]} 55. Kd1 {[%clk 0:01:57]} Rcf2 {[%clk 0:01:35]} 56. Ra7+
{[%clk 0:00:44]} Kg6 {[%clk 0:01:46]} 57. Ree7 {[%clk 0:00:42]} Rd2+
{[%clk 0:01:41]} 58. Kc1 {[%clk 0:00:46]} Rc2+ {[%clk 0:02:03]} 59. Kb1
{[%clk 0:01:01]} Rxc4 {[%clk 0:02:02]} 60. Rg7+ {[%clk 0:00:47]} Kf5
{[%clk 0:01:40]} 61. Ra5+ {[%clk 0:01:00]} Ke6 {[%clk 0:01:15]} 62. Ra6+
{[%clk 0:01:19]} Ke5 {[%clk 0:00:37]} 63. Ra5+ {[%clk 0:01:32]} Kd4
{[%clk 0:00:36]} 64. Rd7+ {[%clk 0:01:31]} Kc3 {[%clk 0:00:37]} 65. Ra3+
{[%clk 0:01:54]} Kb4 {[%clk 0:00:42]} 66. Ra6 {[%clk 0:02:15]} Rh1+
{[%clk 0:00:49]} 67. Kb2 {[%clk 0:02:40]} Rh2+ {[%clk 0:01:18]} 68. Kb1
{[%clk 0:02:53]} Rh1+ {[%clk 0:01:46]} 69. Kb2 {[%clk 0:03:14]} Rh2+
{[%clk 0:02:09]} 70. Kb1 {[%clk 0:03:26]} Rf4 {[%clk 0:00:37]} 71. Rdd6
{[%clk 0:02:55]} Rxf3 {[%clk 0:00:36]} 72. Rab6+ {[%clk 0:03:16]} Kc3
{[%clk 0:00:33]} 73. Rbc6+ {[%clk 0:03:37]} Kb4 {[%clk 0:00:38]} 74. Rb6+
{[%clk 0:04:01]} Kc5 {[%clk 0:00:42]} 75. Rbc6+ {[%clk 0:04:26]} 1/2-1/2

[Event "EYCC 2024 - G14"]
[Site "?"]
[Date "2024.08.25"]
[Round "4.7"]
[White "Stara, Zuzana"]
[Black "Oflaz, Fatma Zehra"]
[Result "1/2-1/2"]
[BlackElo "1779"]
[WhiteElo "2005"]
[LiveChessVersion "1.4.8"]

1. e4 {[%clk 1:30:59]} e5 {[%clk 1:30:55]} 2. Nf3 {[%clk 1:31:26]} Nc6
{[%clk 1:31:21]} 3. Bb5 {[%clk 1:31:52]} a6 {[%clk 1:31:47]} 4. Ba4
{[%clk 1:32:19]} Nf6 {[%clk 1:32:12]} 5. d3 {[%clk 1:32:34]} d6 {[%clk 1:32:38]}
6. c3 {[%clk 1:32:16]} Be7 {[%clk 1:33:01]} 7. Nbd2 {[%clk 1:32:39]} O-O
{[%clk 1:33:12]} 8. O-O {[%clk 1:32:52]} b5 {[%clk 1:33:31]} 9. Bb3
{[%clk 1:31:51]} Nb8 {[%clk 1:33:48]} 10. Re1 {[%clk 1:31:46]} Nbd7
{[%clk 1:34:00]} 11. Nf1 {[%clk 1:31:44]} h6 {[%clk 1:34:21]} 12. Ng3
{[%clk 1:31:37]} Re8 {[%clk 1:34:43]} 13. h3 {[%clk 1:29:09]} Bf8
{[%clk 1:35:02]} 14. a4 {[%clk 1:19:37]} Rb8 {[%clk 1:34:02]} 15. Bc2
{[%clk 1:15:49]} Bb7 {[%clk 1:29:47]} 16. Nf5 {[%clk 1:11:10]} d5
{[%clk 1:20:42]} 17. Nd2 {[%clk 0:43:49]} dxe4 {[%clk 1:01:12]} 18. dxe4
{[%clk 0:43:06]} Nc5 {[%clk 1:00:50]} 19. Qf3 {[%clk 0:39:13]} g6
{[%clk 0:50:26]} 20. Ng3 {[%clk 0:34:44]} Nh7 {[%clk 0:45:13]} 21. Qe2
{[%clk 0:32:10]} Bc6 {[%clk 0:38:36]} 22. Nf3 {[%clk 0:25:48]} bxa4
{[%clk 0:35:33]} 23. Nh2 {[%clk 0:24:23]} Nf6 {[%clk 0:27:36]} 24. h4
{[%clk 0:20:32]} Qc8 {[%clk 0:20:24]} 25. h5 {[%clk 0:16:46]} Qe6
{[%clk 0:18:39]} 26. hxg6 {[%clk 0:11:54]} fxg6 {[%clk 0:18:51]} 27. Bd3
{[%clk 0:08:53]} Bb5 {[%clk 0:15:01]} 28. Bxb5 {[%clk 0:07:45]} axb5
{[%clk 0:15:21]} 29. Be3 {[%clk 0:07:23]} Kh7 {[%clk 0:12:39]} 30. Rad1
{[%clk 0:07:00]} Nb3 {[%clk 0:08:00]} 31. Rd3 {[%clk 0:02:55]} Bd6
{[%clk 0:07:21]} 32. Red1 {[%clk 0:02:00]} Na5 {[%clk 0:04:32]} 33. Bc1
{[%clk 0:01:14]} Nc4 {[%clk 0:04:47]} 34. Rf3 {[%clk 0:01:23]} Rf8
{[%clk 0:03:51]} 35. Rfd3 {[%clk 0:01:13]} Rf7 {[%clk 0:03:15]} 36. Nf3
{[%clk 0:01:04]} Ng4 {[%clk 0:03:02]} 37. Nf1 {[%clk 0:00:45]} Bc5
{[%clk 0:01:26]} 38. Ne3 {[%clk 0:00:36]} Ngxe3 {[%clk 0:01:49]} 39. Bxe3
{[%clk 0:00:58]} Nxe3 {[%clk 0:02:15]} 40. fxe3 {[%clk 0:01:10]} Bd6
{[%clk 0:02:38]} 41. Rd5 {[%clk 0:01:30]} Qg4 {[%clk 0:01:29]} 42. Rf1
{[%clk 0:01:55]} Kg7 {[%clk 0:01:15]} 43. Nd4 {[%clk 0:00:39]} Qxe2
{[%clk 0:00:55]} 1/2-1/2